'Modern Family' Photo Quiz Stats

 Plays Quiz Updated Sep 23, 2015

Challenge
Share
Tweet
Score 0/14 Timer 03:00
8 Plays Today
% Correct
Phil Dunphy
92.3%
Manny Delgado
90.9%
Cameron Tucker
90.3%
Lily Tucker-Pritchett
88.3%
Claire Dunphy
87.6%
Gloria Pritchett
87.4%
Jay Pritchett
85.8%
% Correct
Alex Dunphy
83.3%
Mitchell Pritchett
82.6%
Luke Dunphy
81.1%
Haley Dunphy
80.4%
Fulgencio Joseph Pritchett
67%
Stella
57.6%
Larry
32.1%

You're not logged in!

Compare scores with friends on all Sporcle quizzes.
OR
Log In

You Might Also Like...

Show Comments

Extras

Top Quizzes Today


Score Distribution

Your Account Isn't Verified!

In order to create a playlist on Sporcle, you need to verify the email address you used during registration. Go to your Sporcle Settings to finish the process.

Report this User

Report this user for behavior that violates our Community Guidelines.

Details: